000
00300nam a22001337a 4500
020
_a
9789696650492
040
_c
NUST
082
_a
297 MUB
100
_a
Mubeshra Paracha
_9
82397
245
_a
Obedience
260
_a
Lahore:
_b
Maqbool,
_c
2020.
650
_a
ISLAM-Essays
_9
111972
942
_2
ddc
_c
BK
999
_c
594312
_d
594312